Books by First Sentence - Statistics

General Stats
  • This quiz has been taken 53 times
  • The average score is 9 of 17
Answer Stats
Sentence Book % Correct
Alice was beginning to get very tired of sitting by her sister on the bank. Alice’s Adventures inWonderland
91%
In a hole in the Ground, there lived a hobbit. The Hobbit
91%
In the beginning, God created the heavens and the Earth The Bible
89%
Call me Ishmael. Moby Dick
66%
It was a bright cold day in April,and the clocks were striking thirteen. 1984
62%
Once there were four children whose names were Peter,Susan, Edmund and Lucy. The Lion, the Witch and the Wardrobe
62%
As Gregor Samsa awoke one morning from uneasy dreams, he found himself transformed in his bed into a monstrous vermin. The Metamorphosis
60%
It was a pleasure to burn. Fahrenheit 451
55%
Mr. and Mrs. Dursley of number four, Privet Drive, were proud to say that they were perfectly normal, thank you very much. Harry Potter and the Sorcerer’s Stone
53%
In a village of La Mancha, the name of which I have no desire to call to mind, there lived not long since one of those gentlemen that keep a lance in the lance-rack, an old buckler, a lean hack, and a greyhound for coursing. Don Quixote
49%
It was the best of times, it was the worst of times. Tale of Two Cities
43%
The boy with fair hair lowered himself down the last few feet of rock and began to pick his way toward the lagoon. Lord of the Flies
36%
In my younger and more vulnerable years my father gave me some advice that I’ve been turning over in my mind ever since. The Great Gatsby
30%
Declare, O Muse! The Iliad
28%
When I wake up, the other side of the bed is cold. The Hunger Games
23%
This is my favorite book in the world, though I have never read it. The Princess Bride
11%
I write this sitting in the kitchen sink. I Capture the Castle
6%
No matching quizzes found
Score Distribution
Percent of People with Each Score
Percentile by Number Answered
Your Score History
You have not taken this quiz